[Event "FIN-ch (Women) playoff"]
[Site "Helsinki"]
[Date "2024.04.04"]
[Round "2"]
[White "Makinen, Kesia"]
[Black "Pelander, Pauliina"]
[Result "1-0"]
[WhiteElo "1759"]
[BlackElo "1822"]
[PlyCount "65"]
[EventDate "2024.04.04"]
[EventType "match (rapid)"]
[EventRounds "4"]
[EventCountry "FIN"]
[SourceTitle "CB15_2024"]
[SourceDate "2024.04.10"]
[SourceVersion "1"]
[SourceVersionDate "2024.04.10"]
[SourceQuality "1"]

1. b3 b6 2. Bb2 Bb7 3. e3 a5 4. Nf3 Nf6 5. Be2 e6 6. 0-0 a4 7. a3 Bd6 8. Nc3 axb3 9. cxb3 Ra5 10. Nb5 Rg8 11. b4 Rxb5 12. Bxb5 g5 13. Ne5 g4 14. Be2 h5 15. Rc1 Nh7 16. f4 Qh4 17. Qe1 Qe7 18. f5 Ng5 19. d3 b5 20. e4 c5 21. bxc5 Bxc5+ 22. d4 Bd6 23. Bxb5 Nxe4 24. Qxe4 Bxe4 25. Rc8+ Qd8 26. Rxd8+ Kxd8 27. Nxf7+ Ke7 28. Nxd6 Kxd6 29. f6 Rf8 30. a4 Bf5 31. Ba3+ Kd5 32. Bxf8 Kxd4 33. f7 1-0

[Event "FIN-ch (Women) playoff"]
[Site "Helsinki"]
[Date "2024.04.04"]
[Round "1"]
[White "Pelander, Pauliina"]
[Black "Makinen, Kesia"]
[Result "1-0"]
[WhiteElo "1822"]
[BlackElo "1759"]
[PlyCount "43"]
[EventDate "2024.04.04"]
[EventType "match (rapid)"]
[EventRounds "4"]
[EventCountry "FIN"]
[SourceTitle "CB15_2024"]
[SourceDate "2024.04.10"]
[SourceVersion "1"]
[SourceVersionDate "2024.04.10"]
[SourceQuality "1"]

1. e4 c6 2. d4 d5 3. e5 c5 4. c3 Nc6 5. Nf3 Bg4 6. Be2 e6 7. 0-0 Nge7 8. Bg5 Qc7 9. Nbd2 cxd4 10. cxd4 Nf5 11. h3 Bxf3 12. Nxf3 Qb6 13. Be3 Qxb2 14. Rb1 Qa3 15. Rb3 Nxe3 16. fxe3 Qe7 17. Qb1 b6 18. Bb5 Rc8 19. Rc3 Qb7 20. Qc2 Kd7 21. Rc1 Be7 22. Rxc6 1-0

[Event "FIN-ch (Women)"]
[Site "Helsinki"]
[Date "2024.03.28"]
[Round "3"]
[White "Keinanen, Anastasia"]
[Black "Makinen, Kesia"]
[Result "1-0"]
[WhiteElo "2243"]
[BlackElo "1759"]
[PlyCount "31"]
[EventDate "2024.03.28"]
[EventType "tourn"]
[EventRounds "7"]
[EventCountry "FIN"]
[SourceTitle "CB15_2024"]
[SourceDate "2024.04.10"]
[SourceVersion "1"]
[SourceVersionDate "2024.04.10"]
[SourceQuality "1"]

1. e4 c5 2. Nc3 e6 3. Nge2 Nc6 4. g3 Nf6 5. Bg2 d5 6. exd5 exd5 7. d4 cxd4 8. Nxd4 Bb4 9. 0-0 0-0 10. Bg5 Bxc3 11. bxc3 Qd6 12. Nb5 Qc5 13. Nc7 Bg4 14. Qc1 Rac8 15. Bxf6 Rxc7 16. Qg5 1-0